Normale Ansicht MARC-Ansicht

Eintrag Personenname

Verwendet in 1 Titel(n)

001 - Kontrollnummer

  • Kontrollfeld: 7869

003 - Kontrollnummer Identifier

  • Kontrollfeld: RU-10907106

005 - Datum und Zeit der letzten Transaktion

  • Kontrollfeld: 20220628155846.0

008 - Datenelemente mit fester Länge

  • Kontrollfeld mit fester Länge: 220628|| aca||aabn | a|a d

040 ## - Katalogisierungsquelle

  • Original-Katalogisierungsstelle: RU-10907106
  • Übertragungsstelle: RU-10907106

100 ## - Ansetzung - Personenname

  • Personenname: Kmak-Pamirska, Aleksandra

670 ## - Datenquelle

  • Quellenangabe: Work cat.: (RU-10907106)57523: Kmak-Pamirska, Aleksandra VerfasserIn (DE-588)1179986725 (DE-627)1067596321 (DE-576)51845634X aut, Centrum - peryferia - naród